Clic Ce match a-t-il eu lieu ? - Statistiques

Statistiques générales
  • Ce quiz a été pris 24 fois
  • Le résultat moyen est 21 sur 45
Statistiques - réponses
Hint Explanation Réponse % Correct
Rugby - 02/01/1911 / France-Ecosse - 16-15 OUI
92%
Handball - 12/03/1993 / Norvège-France - 20-21 OUI
79%
Football - 13/11/2015 / France-Allemagne - 2-0 OUI
75%
Rugby - 19/03/2005 / Italie-France - 13-56 OUI
75%
Basket - 17/08/2023 / France-Japon - 70-88 OUI
71%
Football - 01/05/1904 / Belgique-France - 3-3 OUI
71%
Football - 16/06/1984 / France-Belgique - 5-0 OUI
71%
Football - 11/10/1985 / Roumanie-France - 3-1 OUI
63%
Basket - 13/08/1948 / France-Etats-Unis - 21-65 OUI
63%
Water polo 08/07/1912 / Suède-France - 7-2 OUI
63%
Rugby - 26/02/1966 / France-Angleterre - 13-0 OUI
63%
Basket - 04/04/1926 / France-Italie - 24-20 OUI
63%
Basket - 16/09/2011 / France-Russie - 79-71 OUI
63%
Football - 18/11/2009 / France-Irlande - 1-1 OUI
63%
Basket - 26/08/2013 / France-Espagne - 84-85 OUI
63%
Basket - 29/09/2000 / France-Australie - 76-52 OUI
63%
Volley 09/10/2015 / Croatie-France - 60-76 OUI
63%
Rugby - 23/10/2011 / Nouvelle-Zélande-France - 8-7 OUI
63%
Handball - 02/11/1995 / Belgique-France - 21-20 OUI
58%
Football - 19/11/2013 / France-Ukraine - 3-0 OUI
58%
Volley 19/09/1951 / URSS-France - 45-15 OUI
58%
Football - 16/11/1977 / France-Bulgarie - 3-1 OUI
50%
Handball - 20/01/2003 / France-Arabie saoudite - 30-23 OUI
50%
Handball - 01/03/1958 / France-Luxembourg - 41-8 OUI
46%
Handball - 27/01/2003 / Suède-France - 26-31 OUI
46%
Rugby - 02/04/1927 / France-Angleterre - 6-0 Score 3-0 NON
38%
Rugby - 01/02/1906 / France-Nouvelle-Zélande - 8-38 01/01 NON
33%
Football - 05/05/1923 / France-Angleterre - 2-1 1921 NON
29%
Handball - 29/07/2012 / France-Grande-Bretagne - 84-15 Score 44-15 NON
29%
Football - 08/07/1982 / France-RFA - 4-4 Score 3-3 NON
29%
Rugby - 20/11/1987 / Nouvelle-Zélande-France - 29-9 20/06 NON
25%
Water polo 02/07/2020 / Italie-France - 14-9 2009 NON
25%
Water polo 25/08/1950 / France-Belgique - 7-3 Suisse NON
25%
Basket - 30/07/1948 / France-Irak - 62-30 Iran NON
25%
Handball - 26/07/2021 / Brésil-France - 39-34 Score 29-34 NON
25%
Volley 18/09/2019 / France-Italie- 97-96 97-90 NON
25%
Football - 12/03/1953 / France-Pays-Bas - 5-2 Score 1-2 NON
25%
Rugby - 05/04/1998 / Pays-de-Galles-France - 0-61 Score 0-51 NON
25%
Handball - 25/01/2005 / France-Tunisie - 20-19 France-Grèce NON
25%
Basket - 22/09/2013 / France-Lettonie - 80-66 Lituanie NON
21%
Rugby - 06/11/2000/ France-Australie - 12-35 1999 NON
21%
Basket - 22/09/1934 / France-Belgique - 50-17 22/04 NON
21%
Football - 28/01/1998 / France-Espagne - 2-0 Score 1-0 NON
17%
Football - 06/09/1995 / France-Azerbaïdjan - 14-0 Score 10-0 NON
8%
Handball - 15/08/2016 / France-Danemark - 26-28 Score 33-30 NON
4%
Aucun quiz correspondant
Distribution des résultats
% des personnes avec chaque résultat
Percentile par nombre de réponses
Votre historique - résultats
Vous n’avez pas pris ce quiz